[Event "A-Klasse 2010 (A68)"]
[Site "Berlin-Weißensee"]
[Date "2010.05.12"]
[Round "1.1"]
[White "Bornschein, Burkhard"]
[Black "Poseck, Steffen"]
[Result "1/2-1/2"]
[WhiteElo "2012"]
[BlackElo "2084"]
[PlyCount "35"]
[EventDate "2010.??.??"]

1. d4 Nf6 2. Nf3 g6 3. c4 Bg7 4. Nc3 d5 5. cxd5 Nxd5 6. e4 Nxc3 7. bxc3 c5 8.
Be3 O-O 9. Be2 Qa5 10. O-O Nc6 11. Qc2 Bg4 12. Rfd1 Rfd8 13. Rab1 cxd4 14. Nxd4
Bxe2 15. Nxe2 Qc7 16. Qa4 Rxd1+ 17. Rxd1 a6 18. Nd4 1/2-1/2

[Event "A-Klasse 2010 (A68)"]
[Site "Berlin-Weißensee"]
[Date "2010.05.12"]
[Round "1.2"]
[White "Sawlin, Leonid"]
[Black "Hiller, Bernd"]
[Result "1-0"]
[WhiteElo "1894"]
[BlackElo "1848"]
[PlyCount "57"]
[EventDate "2010.??.??"]

1. e4 d5 2. exd5 Nf6 3. d4 Nxd5 4. c4 Nf6 5. Nc3 g6 6. Nf3 Bg7 7. Be2 Bg4 8.
Be3 O-O 9. h3 Bd7 10. O-O Qc8 11. Ne5 Nc6 12. f4 Ne8 13. Nd5 Qd8 14. Bf3 Nd6
15. b3 Be8 16. Qd2 Nf5 17. Rad1 Nxe3 18. Qxe3 e6 19. Nc3 a6 20. Kh2 Rb8 21. g3
Ne7 22. g4 f6 23. Nd3 Bf7 24. Nc5 Qc8 25. Rfe1 e5 26. dxe5 Be8 27. exf6 Bxf6
28. Ne6 Bxc3 29. Qxc3 1-0

[Event "A-Klasse 2010 (A68)"]
[Site "Berlin-Weißensee"]
[Date "2010.05.12"]
[Round "1.3"]
[White "Noetzel, Felix"]
[Black "Keusch, Horst"]
[Result "0-1"]
[WhiteElo "1968"]
[BlackElo "1980"]
[PlyCount "88"]
[EventDate "2010.??.??"]

1. e4 g6 2. d4 Bg7 3. Nc3 c6 4. f4 d5 5. e5 Nh6 6. Nf3 Bg4 7. Be2 O-O 8. O-O e6
9. Be3 Nd7 10. h3 Bxf3 11. Bxf3 Nf5 12. Bf2 Qb6 13. g4 Ne7 14. Qd2 a6 15. Be2
Rac8 16. Bd3 f5 17. Ne2 Rf7 18. Ng3 Rcf8 19. gxf5 gxf5 20. Kh1 Ng6 21. c3 Qd8
22. Nh5 Kh8 23. Rg1 Bh6 24. Raf1 Rg8 25. Be1 Bf8 26. Rg2 Be7 27. Rfg1 Qf8 28.
Qe2 Qh6 29. Qf3 Rff8 30. c4 Rf7 31. b4 Ra8 32. cxd5 cxd5 33. Bc2 Rc8 34. Bb3
Nb6 35. Rc2 Rxc2 36. Bxc2 Nc4 37. Rg2 Rf8 38. Bd3 b5 39. Re2 Bh4 40. Bd2 Bg3
41. Qxg3 Qxh5 42. Be1 Rg8 43. Rg2 Qh6 44. Rf2 Ngxe5 0-1

[Event "A-Klasse 2010 (A68)"]
[Site "Berlin-Weißensee"]
[Date "2010.05.12"]
[Round "1.4"]
[White "Zschaebitz, Klaus"]
[Black "Welz, Peter"]
[Result "0-1"]
[WhiteElo "2081"]
[BlackElo "2151"]
[PlyCount "78"]
[EventDate "2010.??.??"]

1. d4 f5 2. Nc3 Nf6 3. Bg5 e6 4. e4 fxe4 5. Nxe4 Be7 6. Bxf6 Bxf6 7. Nf3 O-O 8.
c3 d5 9. Nxf6+ Qxf6 10. Qc2 c5 11. dxc5 e5 12. Qd2 Be6 13. Qg5 Nd7 14. Bb5 Qxg5
15. Nxg5 Nxc5 16. O-O Bf5 17. Nf3 a6 18. Be2 Bd3 19. Rfe1 e4 20. Nd4 Rf6 21.
Nb3 b6 22. Nc1 Bxe2 23. Rxe2 a5 24. Nb3 Nd3 25. Rf1 a4 26. Nd4 a3 27. bxa3 Rxa3
28. Nb5 Ra5 29. Rb1 h5 30. c4 dxc4 31. Nc3 Nf4 32. Rxe4 Rg5 33. Kh1 Nd3 34. f3
Rxf3 35. h4 Nf2+ 36. Kh2 Rxc3 37. hxg5 Nxe4 38. g6 Nf6 39. Rxb6 Ng4+ 0-1

[Event "A-Klasse 2010 (A68)"]
[Site "Berlin-Weißensee"]
[Date "2010.05.13"]
[Round "2.1"]
[White "Poseck, Steffen"]
[Black "Hiller, Bernd"]
[Result "1/2-1/2"]
[WhiteElo "2084"]
[BlackElo "1848"]
[PlyCount "58"]
[EventDate "2010.??.??"]

1. c4 e5 2. Nc3 Nf6 3. g3 Bc5 4. Bg2 O-O 5. e3 Nc6 6. Nge2 Re8 7. a3 a5 8. O-O
d6 9. d4 exd4 10. exd4 Bb6 11. Bg5 h6 12. Bxf6 Qxf6 13. Nd5 Qd8 14. Nxb6 cxb6
15. Nc3 Bd7 16. Qd2 Bf5 17. Nd5 Be4 18. Nc3 Bxg2 19. Kxg2 Rc8 20. b3 Na7 21.
Rfe1 Qd7 22. Rxe8+ Rxe8 23. Re1 b5 24. d5 Rxe1 25. Qxe1 bxc4 26. bxc4 b5 27.
cxb5 Nxb5 28. a4 Nxc3 29. Qxc3 Qxa4 1/2-1/2

[Event "A-Klasse 2010 (A68)"]
[Site "Berlin-Weißensee"]
[Date "2010.05.13"]
[Round "2.2"]
[White "Bornschein, Burkhard"]
[Black "Noetzel, Felix"]
[Result "1-0"]
[WhiteElo "2012"]
[BlackElo "1968"]
[PlyCount "103"]
[EventDate "2010.??.??"]

1. d4 d5 2. c4 e6 3. Nc3 c6 4. cxd5 exd5 5. Nf3 f5 6. Bf4 Nf6 7. Ne5 Be7 8. e3
O-O 9. Bg3 Be6 10. f3 Nbd7 11. Bd3 Nh5 12. Nxd7 Qxd7 13. Bf2 f4 14. e4 dxe4 15.
Bxe4 Rae8 16. Qd2 Nf6 17. Bd3 Nd5 18. O-O Bb4 19. Qc2 Bf5 20. Ne4 Kh8 21. a3
Ba5 22. Nc5 Bxd3 23. Qxd3 Qf7 24. b4 Bd8 25. Rfe1 b6 26. Nb3 Rxe1+ 27. Rxe1 Re8
28. Re4 Qg6 29. Nc1 Rxe4 30. fxe4 Nf6 31. Bh4 Qg4 32. Bxf6 Bxf6 33. e5 Bg5 34.
Ne2 g6 35. Qe4 Kg7 36. Kf1 Qf5 37. Qxc6 Qb1+ 38. Kf2 Qd3 39. Qf3 Qf5 40. g3
fxg3+ 41. hxg3 Qd7 42. Qe4 Qf7+ 43. Kg2 h5 44. d5 Qe7 45. Nd4 Bc1 46. Ne6+ Kh6
47. Qe1 Bg5 48. Qf1 Be3 49. Qe1 Bg5 50. Qc3 Qd7 51. Qc6 Qf7 52. Qc8 1-0

[Event "A-Klasse 2010 (A68)"]
[Site "Berlin-Weißensee"]
[Date "2010.05.13"]
[Round "2.3"]
[White "Welz, Peter"]
[Black "Sawlin, Leonid"]
[Result "0-1"]
[WhiteElo "2151"]
[BlackElo "1894"]
[PlyCount "84"]
[EventDate "2010.??.??"]

1. e4 e6 2. d4 d5 3. e5 c5 4. c3 Nc6 5. Nf3 Bd7 6. dxc5 Bxc5 7. Bd3 f5 8. O-O
Nge7 9. Nbd2 Ng6 10. Nb3 Bb6 11. Qe2 O-O 12. Nbd4 h6 13. g3 a6 14. h4 Bc7 15.
Nxc6 Bxc6 16. h5 Ne7 17. Bf4 Bb6 18. Nd4 Bd7 19. Kg2 Nc6 20. Nf3 Be8 21. Rh1
Bf7 22. Rh3 Qe8 23. Rah1 Rd8 24. Qd2 Qe7 25. Bb1 d4 26. c4 Ba5 27. Qc1 Rc8 28.
Rh4 Rfd8 29. g4 fxg4 30. Rxg4 Kf8 31. Rxg7 Kxg7 32. Bxh6+ Kh8 33. Kf1 Rg8 34.
Nh4 Rg4 35. Ng6+ Bxg6 36. hxg6 Kg8 37. Ke2 Nxe5 38. f3 d3+ 39. Kf2 Rgxc4 40.
Qe3 Qc5 41. Bg5 Qxe3+ 42. Kxe3 Bb6+ 0-1

[Event "A-Klasse 2010 (A68)"]
[Site "Berlin-Weißensee"]
[Date "2010.05.13"]
[Round "2.4"]
[White "Keusch, Horst"]
[Black "Zschaebitz, Klaus"]
[Result "0-1"]
[WhiteElo "1980"]
[BlackElo "2081"]
[PlyCount "138"]
[EventDate "2010.??.??"]

1. f4 d5 2. Nf3 g6 3. e3 Bg7 4. d4 Nh6 5. c4 c6 6. Nc3 O-O 7. b3 Bg4 8. Be2 e6
9. O-O Nd7 10. Rb1 Nf6 11. Ne5 Bxe2 12. Qxe2 Nf5 13. g4 Nd6 14. Ba3 Re8 15.
Bxd6 Qxd6 16. c5 Qc7 17. Kh1 Nd7 18. Nxd7 Qxd7 19. g5 f6 20. Qg4 fxg5 21. Qxg5
Rf8 22. Ne2 Qf7 23. Ng3 a5 24. Qg4 Kh8 25. Rg1 Bf6 26. Rg2 b6 27. Rc1 bxc5 28.
Rxc5 Rfc8 29. Qd1 Be7 30. Rcc2 c5 31. Qc1 Qf8 32. Ne2 a4 33. dxc5 Bxc5 34. Qb2+
Qg7 35. Qxg7+ Kxg7 36. Rg3 axb3 37. axb3 Bb6 38. Rxc8 Rxc8 39. Kg2 Rc2 40. Kf3
Rb2 41. Nc1 Rxh2 42. Ne2 Rh1 43. Ng1 Rh2 44. Ne2 Ba5 45. Rg1 Kf6 46. Rb1 Bb4
47. Rc1 Rh3+ 48. Kf2 Bd2 49. Rb1 Bxe3+ 50. Kg2 Rh6 51. b4 g5 52. b5 Bxf4 53. b6
Bb8 54. Nd4 Rg6 55. Rf1+ Bf4 56. b7 Rg8 57. Nc6 Kg7 58. Ra1 h5 59. Ra8 Rf8 60.
Nd8 Rf6 61. b8=Q Bxb8 62. Rxb8 Kg6 63. Nc6 Kf5 64. Rg8 h4 65. Nd4+ Kf4 66. Nf3
Rf5 67. Nd4 Rf6 68. Nf3 h3+ 69. Kf2 Ke4 0-1

[Event "A-Klasse 2010 (A68)"]
[Site "Berlin-Weißensee"]
[Date "2010.05.13"]
[Round "3.1"]
[White "Noetzel, Felix"]
[Black "Poseck, Steffen"]
[Result "1/2-1/2"]
[WhiteElo "1968"]
[BlackElo "2084"]
[PlyCount "68"]
[EventDate "2010.??.??"]

1. e4 d5 2. exd5 Qxd5 3. Nc3 Qa5 4. d4 Nf6 5. Bc4 c6 6. Nge2 Bf5 7. O-O e6 8.
Bd2 Qc7 9. Ng3 Bg6 10. Qe2 Bd6 11. f4 O-O 12. Nce4 Nxe4 13. Nxe4 b5 14. Bd3 Nd7
15. c3 Rfe8 16. g4 Bxe4 17. Bxe4 Rab8 18. g5 g6 19. Rf3 f5 20. Bd3 Nb6 21. Raf1
a6 22. h4 c5 23. dxc5 Bxc5+ 24. Be3 e5 25. fxe5 Rxe5 26. Qh2 Rd8 27. Bc2 Nc4
28. Bb3 Rd3 29. Bxc5 Qxc5+ 30. R3f2 Qe3 31. Qf4 Qg3+ 32. Rg2 Qe3+ 33. Rgf2 Qg3+
34. Rg2 Qe3+ 1/2-1/2

[Event "A-Klasse 2010 (A68)"]
[Site "Berlin-Weißensee"]
[Date "2010.05.13"]
[Round "3.2"]
[White "Hiller, Bernd"]
[Black "Welz, Peter"]
[Result "0-1"]
[WhiteElo "1848"]
[BlackElo "2151"]
[PlyCount "166"]
[EventDate "2010.??.??"]

1. e4 e6 2. d4 d5 3. exd5 exd5 4. Nf3 Bg4 5. Be2 Bd6 6. O-O Ne7 7. Ne5 Bxe2 8.
Qxe2 Bxe5 9. dxe5 O-O 10. Bg5 h6 11. Bh4 Qd7 12. Bxe7 Qxe7 13. Nd2 Nc6 14. Nf3
Rfe8 15. Rfe1 Rad8 16. Qb5 Nb4 17. Qe2 c5 18. c3 Nc6 19. Qc2 Qe6 20. Rad1 b5
21. h3 a5 22. Qe2 b4 23. Qb5 Rc8 24. Qxc5 Nxe5 25. Qe3 Nxf3+ 26. Qxf3 Qxe1+ 27.
Rxe1 Rxe1+ 28. Kh2 bxc3 29. bxc3 Rc5 30. Qf4 Re8 31. Qd6 Rec8 32. f3 a4 33. h4
h5 34. Kh3 g6 35. Qd7 a3 36. Qd6 R8c7 37. Qd8+ Kg7 38. Qd6 Kh7 39. Qd8 Kg7 40.
Qd6 Kh7 41. Qd8 Rxc3 42. Qxd5 Ra7 43. Qd4 Rcc7 44. Qe3 Ra5 45. Qb6 Rcc5 46. Qd6
Rf5 47. Qb4 Ra7 48. Qc3 Ra4 49. Qb3 Rff4 50. g3 Rfc4 51. Qb7 Kg7 52. Qd5 Rc8
53. Qb3 Raa8 54. Qd5 Kg8 55. Qb3 Rc1 56. g4 hxg4+ 57. Kxg4 Rg1+ 58. Kf4 Ra5 59.
Qb8+ Kg7 60. Ke3 Rf5 61. Kf2 Rh1 62. Qb3 Rxh4 63. Qxa3 Rh3 64. Qc3+ Kh7 65. a4
Rh2+ 66. Kg3 Ra2 67. Qb3 Ra1 68. Qb4 Rg1+ 69. Kf2 Rgg5 70. Qh4+ Rh5 71. Qc4 Rf6
72. Qc3 Rhf5 73. Qd3 Kg7 74. Qc3 g5 75. Kg2 Kg6 76. a5 Ra6 77. Qc8 Raxa5 78.
Qg8+ Kf6 79. Qh8+ Ke7 80. Qc8 Rac5 81. Qb7+ Kf6 82. Kg3 Kg7 83. Qb2+ Rf6 (83...
Rf6 84. Kg4 Rcf5 85. Kh5 Rxf3 (85... Kh7 86. Qc2 Kg8 87. Qc8+ Kg7 88. Qc2 Rxf3
89. Kxg5 Rg6+ 90. Kh4 Rf1) 86. Kxg5) 0-1

[Event "A-Klasse 2010 (A68)"]
[Site "Berlin-Weißensee"]
[Date "2010.05.13"]
[Round "3.3"]
[White "Zschaebitz, Klaus"]
[Black "Bornschein, Burkhard"]
[Result "1-0"]
[WhiteElo "2081"]
[BlackElo "2012"]
[PlyCount "101"]
[EventDate "2010.??.??"]

1. d4 d5 2. c4 c6 3. e3 Nf6 4. Nf3 Bg4 5. Qb3 Qc7 6. Ne5 e6 7. Nc3 Nbd7 8. Nxg4
Nxg4 9. cxd5 exd5 10. h3 Ngf6 11. Bd2 Qb6 12. Qd1 Be7 13. Rc1 O-O 14. Bd3 Rfe8
15. O-O Bf8 16. Rc2 g6 17. Qf3 Bg7 18. b4 Nf8 19. b5 Ne6 20. Rb1 Qd8 21. bxc6
bxc6 22. Na4 Rc8 23. Ba6 Rc7 24. Ba5 Qd6 25. Bxc7 Qxc7 26. Qd1 Ne4 27. Bd3 Nd8
28. Bxe4 Rxe4 29. Nc5 Re8 30. Rcb2 Bf8 31. Rb8 Bd6 32. Qb3 Qe7 33. Ra8 g5 34.
Nb7 Bc7 35. Qb4 Qe6 36. Nxd8 Bxd8 37. Rxa7 g4 38. hxg4 Qxg4 39. Qb7 Qf5 40. Rf1
Bg5 41. Ra8 Qe6 42. Rxe8+ Qxe8 43. Re1 Bf6 44. Qb6 Bd8 45. Qb8 Kg7 46. Qg3+ Kh6
47. f3 Ba5 48. Qf4+ Kg6 49. Re2 Qe7 50. Qg4+ Kf6 51. Qh4+ 1-0

[Event "A-Klasse 2010 (A68)"]
[Site "Berlin-Weißensee"]
[Date "2010.05.13"]
[Round "3.4"]
[White "Sawlin, Leonid"]
[Black "Keusch, Horst"]
[Result "1-0"]
[WhiteElo "1894"]
[BlackElo "1980"]
[PlyCount "121"]
[EventDate "2010.??.??"]

1. e4 g6 2. d4 Bg7 3. f4 c6 4. Nf3 d5 5. e5 Bg4 6. Be2 f5 7. Ng5 Bxe2 8. Qxe2
Qc8 9. c4 e6 10. Nc3 h6 11. Nf3 Ne7 12. Bd2 Nd7 13. Rc1 dxc4 14. Qxc4 Nb6 15.
Qb3 Qd7 16. O-O Ned5 17. Nh4 Kf7 18. Nxd5 Nxd5 19. Qg3 Ne7 20. Bc3 Bf8 21. Rfd1
Rg8 22. Nf3 Nd5 23. Qh4 Qd8 24. Qxd8 Rxd8 25. Bd2 Be7 26. h4 Rd7 27. g3 Bd8 28.
b4 Bb6 29. a4 a6 30. Kf2 Rgd8 31. Ra1 Ba7 32. Ke2 Nc7 33. Bc3 Rd5 34. Rab1 Na8
35. Rbc1 Nb6 36. Ra1 Nc8 37. Rab1 R8d7 38. Rbc1 Bb6 39. Rd2 Bd8 40. Ne1 g5 41.
hxg5 hxg5 42. Nc2 Kg6 43. Ne3 Ne7 44. Nxd5 Nxd5 45. Kf3 Rh7 46. Rdd1 Rh2 47.
fxg5 Bxg5 48. Rh1 Rxh1 49. Rxh1 Nxc3 50. Rh8 Nxa4 51. Rb8 b5 52. Rg8+ Kh5 53.
Re8 Bd2 54. Rxe6 Bxb4 55. Rxc6 a5 56. d5 Kg5 57. d6 Nc5 58. Rb6 Nd7 59. Rxb5
Kg6 60. e6 Nc5 61. e7 1-0

[Event "A-Klasse 2010 (A68)"]
[Site "Berlin-Weißensee"]
[Date "2010.05.14"]
[Round "4.1"]
[White "Poseck, Steffen"]
[Black "Welz, Peter"]
[Result "0-1"]
[WhiteElo "2084"]
[BlackElo "2151"]
[PlyCount "98"]
[EventDate "2010.??.??"]

1. d4 f5 2. Nc3 Nf6 3. Bg5 e6 4. e4 fxe4 5. Nxe4 Be7 6. Bxf6 Bxf6 7. Qh5+ g6 8.
Nxf6+ Qxf6 9. Qe5 O-O 10. Qxf6 Rxf6 11. Bd3 Nc6 12. Nf3 Nb4 13. Ke2 Nxd3 14.
Kxd3 b6 15. Ke3 Bb7 16. Ne1 e5 17. dxe5 Re8 18. Nd3 d6 19. f4 Bxg2 20. Rhg1 Bh3
21. Rg5 Bf5 22. Kd2 Rfe6 23. Re1 Bxd3 24. cxd3 dxe5 25. fxe5 c5 26. Kc3 Kg7 27.
d4 cxd4+ 28. Kxd4 Rd8+ 29. Kc4 Rd2 30. h4 Rxb2 31. Kd5 Re8 32. h5 Rxa2 33. hxg6
Rd2+ 34. Kc6 Re6+ 35. Kb7 h6 36. Rg3 b5 37. Rc1 Rd7+ 38. Kc8 Rde7 39. Kb8 a5
40. Ra1 Rxg6 41. Rga3 Kh7 42. Rc1 Rg8+ 43. Rc8 a4 44. Rxg8 Kxg8 45. Re3 Kf7 46.
Kc8 Ke6 47. Rh3 Rh7 48. Kb8 h5 49. Rh4 a3 0-1

[Event "A-Klasse 2010 (A68)"]
[Site "Berlin-Weißensee"]
[Date "2010.05.14"]
[Round "4.2"]
[White "Noetzel, Felix"]
[Black "Zschaebitz, Klaus"]
[Result "1-0"]
[WhiteElo "1968"]
[BlackElo "2081"]
[PlyCount "155"]
[EventDate "2010.??.??"]

1. e4 e6 2. d4 d5 3. exd5 exd5 4. Bd3 c5 5. dxc5 Bxc5 6. Nf3 Nf6 7. O-O O-O 8.
Nc3 Nc6 9. Bg5 Be6 10. a3 Re8 11. Qd2 h6 12. Bh4 Be7 13. Rfe1 a6 14. Ne2 Ne4
15. Bxe4 dxe4 16. Bxe7 Rxe7 17. Nfd4 Rd7 18. c3 Ne5 19. Nf4 Bf5 20. Qe2 Bh7 21.
Rad1 Qg5 22. Nh3 Qd8 23. Nf4 Kh8 24. f3 Qf6 25. Nh5 Qh4 26. fxe4 Rxd4 27. Rxd4
Ng4 28. h3 Ne5 29. Rd5 f6 30. Kh2 Bg6 31. Ng3 h5 32. Nf5 Qf4+ 33. Kh1 Bxf5 34.
exf5 Qxf5 35. Qe4 Qf2 36. Red1 Qb6 37. Rd6 Qc7 38. Qf5 Kg8 39. Qxh5 Rf8 40. Qf5
Re8 41. Qf2 Re7 42. Qd4 Kf7 43. Qd5+ Kg6 44. h4 Qc8 45. Qe4+ Kf7 46. h5 Qc4 47.
Qd5+ Qxd5 48. R6xd5 Rc7 49. R1d4 Ke6 50. Kg1 Kf5 51. Kf2 Kg5 52. g4 Kh4 53. Ke3
Nc4+ 54. Kf4 Ne5 55. Rd1 g5+ 56. hxg6 Nxg6+ 57. Kf3 Ne5+ 58. Ke4 Nxg4 59. Kf5
Ne3+ 60. Kxf6 Nxd5+ 61. Rxd5 Kg4 62. Ke6 Kf3 63. Kd6 Rc6+ 64. Kd7 Rb6 65. b4
Rc6 66. Rc5 Rh6 67. Kc7 b5 68. Rc6 Rh4 69. Kb6 Rh1 70. Kxa6 Ra1 71. Kxb5 Rxa3
72. c4 Ke4 73. Rd6 Ke5 74. c5 Ra8 75. Rd1 Rb8+ 76. Kc4 Ke6 77. c6 Rh8 78. Kc5
1-0

[Event "A-Klasse 2010 (A68)"]
[Site "Berlin-Weißensee"]
[Date "2010.05.14"]
[Round "4.3"]
[White "Keusch, Horst"]
[Black "Hiller, Bernd"]
[Result "0-1"]
[WhiteElo "1980"]
[BlackElo "1848"]
[PlyCount "144"]
[EventDate "2010.??.??"]

1. d4 d5 2. Nf3 Nc6 3. Bf4 Bf5 4. e3 e6 5. Bb5 Bd6 6. Ne5 Nge7 7. Nd2 O-O 8. c3
a6 9. Be2 f6 10. Nxc6 Nxc6 11. Bg3 Ne7 12. Nf3 Ng6 13. Bd3 c6 14. Bxf5 exf5 15.
Bxd6 Qxd6 16. g3 Qe6 17. O-O Ne7 18. Ne1 g5 19. Nd3 Ng6 20. Qd2 Rae8 21. Nc5
Qc8 22. f4 b6 23. Nd3 Qe6 24. Rae1 g4 25. Nf2 h5 26. h4 Rf7 27. b4 Ne7 28. a4
Nc8 29. Qe2 b5 30. Nd3 Nd6 31. Nc5 Qc8 32. axb5 axb5 33. Qd3 Ra7 34. Ra1 Ree7
35. Kf2 Nc4 36. Rxa7 Rxa7 37. Rc1 Kf7 38. Rc2 Kg6 39. Re2 Ra3 40. Rc2 Ra1 41.
Qe2 Qa8 42. Nb3 Ra3 43. Nc5 Qe8 44. Qd3 Nd6 45. Kg2 Qa8 46. Qe2 Nc4 47. Kf2 Ra1
48. Nb3 Ra7 49. Nc5 Re7 50. Qe1 Rxe3 51. Re2 Rf3+ 52. Kg2 Nd6 53. Re3 Rxe3 54.
Qxe3 Qa2+ 55. Kg1 Qb1+ 56. Kg2 Qc2+ 57. Kg1 Ne4 58. Nxe4 dxe4 59. d5 Qd1+ 60.
Kh2 Qxd5 61. Qa7 Qd2+ 62. Kg1 Qe1+ 63. Kg2 e3 64. Qe7 Qf2+ 65. Kh1 Qf1+ 66. Kh2
Qh3+ 67. Kg1 Qxg3+ 68. Kh1 Qxh4+ 69. Kg2 Qf2+ 70. Kh1 Qf1+ 71. Kh2 Qxf4+ 72.
Kh1 Qe4+ 0-1

[Event "A-Klasse 2010 (A68)"]
[Site "Berlin-Weißensee"]
[Date "2010.05.14"]
[Round "4.4"]
[White "Bornschein, Burkhard"]
[Black "Sawlin, Leonid"]
[Result "1/2-1/2"]
[WhiteElo "2012"]
[BlackElo "1894"]
[PlyCount "87"]
[EventDate "2010.??.??"]

1. d4 c5 2. d5 e5 3. c4 d6 4. Nc3 g6 5. e4 Bg7 6. g3 Ne7 7. Bg2 O-O 8. Nf3 h6
9. O-O f5 10. exf5 gxf5 11. Nh4 a6 12. Qh5 Kh7 13. Bg5 Qe8 14. Qxe8 Rxe8 15.
Bxe7 Rxe7 16. Bh3 Rf7 17. Na4 Nd7 18. Bxf5+ Kh8 19. Be6 Rf6 20. Nf5 Bf8 21. f4
exf4 22. Rxf4 b5 23. Nc3 Ne5 24. Ne4 Rg6 25. Nh4 Bxe6 26. Nxg6+ Nxg6 27. Rf6
Bh3 28. Nf2 Kg7 29. Rxg6+ Kxg6 30. Nxh3 bxc4 31. Rc1 Rb8 32. Nf4+ Kf6 33. Rxc4
Rxb2 34. Ne6 Be7 35. Ra4 Rb6 36. Nf4 Kf5 37. g4+ Ke5 38. h4 a5 39. Kg2 Bd8 40.
Kf3 Kf6 41. Re4 Kf7 42. Kg3 Bf6 43. Nd3 Rb1 44. Rf4 1/2-1/2

[Event "A-Klasse 2010 (A68)"]
[Site "Berlin-Weißensee"]
[Date "2010.05.15"]
[Round "5.1"]
[White "Zschaebitz, Klaus"]
[Black "Poseck, Steffen"]
[Result "1-0"]
[WhiteElo "2081"]
[BlackElo "2084"]
[PlyCount "57"]
[EventDate "2010.??.??"]

1. c4 Nf6 2. Nc3 d5 3. cxd5 Nxd5 4. g3 g6 5. Bg2 Nb6 6. d3 Bg7 7. Be3 O-O 8.
Qc1 c6 9. Bh6 N8d7 10. h4 Nf6 11. h5 Bxh6 12. Qxh6 Ng4 13. Qd2 Qd4 14. Ne4 f5
15. Nf3 Qg7 16. Nc3 e5 17. hxg6 h6 18. Bh3 Nd7 19. Nh4 h5 20. Bxg4 hxg4 21. e4
Nc5 22. b4 Ne6 23. Nxf5 Rxf5 24. exf5 Nd4 25. O-O-O Bxf5 26. Ne4 Bxe4 27. dxe4
Qxg6 28. Rh6 Qxe4 29. Qg5+ 1-0

[Event "A-Klasse 2010 (A68)"]
[Site "Berlin-Weißensee"]
[Date "2010.05.15"]
[Round "5.2"]
[White "Welz, Peter"]
[Black "Keusch, Horst"]
[Result "1-0"]
[WhiteElo "2151"]
[BlackElo "1980"]
[PlyCount "59"]
[EventDate "2010.??.??"]

1. e4 g6 2. d4 c6 3. f4 Bg7 4. c3 d5 5. e5 Nh6 6. Nf3 Bg4 7. Be3 f6 8. Nbd2 Qb6
9. b3 fxe5 10. fxe5 O-O 11. h3 Bxf3 12. Nxf3 Nf5 13. Bf2 Bh6 14. Bd3 Nd7 15.
Qe2 Ng7 16. O-O Ne6 17. g3 Rf7 18. Be3 Bxe3+ 19. Qxe3 Raf8 20. Ng5 Nxg5 21.
Qxg5 c5 22. c4 Rxf1+ 23. Rxf1 Rxf1+ 24. Kxf1 Qe6 25. cxd5 Qxh3+ 26. Kg1 cxd4
27. Bc4 Kf8 28. d6 exd6 29. e6 Ne5 30. Qf6+ 1-0

[Event "A-Klasse 2010 (A68)"]
[Site "Berlin-Weißensee"]
[Date "2010.05.15"]
[Round "5.3"]
[White "Sawlin, Leonid"]
[Black "Noetzel, Felix"]
[Result "1-0"]
[WhiteElo "1894"]
[BlackElo "1968"]
[PlyCount "47"]
[EventDate "2010.??.??"]

1. e4 d5 2. exd5 Qxd5 3. Nc3 Qa5 4. Bc4 Bf5 5. d4 c6 6. Nf3 Nf6 7. Bd2 e6 8.
Nd5 Qd8 9. Nxf6+ Qxf6 10. c3 Bg4 11. Be2 Nd7 12. h3 Bxf3 13. Bxf3 Bd6 14. O-O
O-O-O 15. b4 g5 16. b5 c5 17. Qe2 h5 18. Qe4 Rdg8 19. Qxb7+ Kd8 20. Bc6 Bc7 21.
Bxd7 Kxd7 22. dxc5 Qe5 23. Qc6+ Kc8 24. f4 1-0

[Event "A-Klasse 2010 (A68)"]
[Site "Berlin-Weißensee"]
[Date "2010.05.15"]
[Round "5.4"]
[White "Hiller, Bernd"]
[Black "Bornschein, Burkhard"]
[Result "1-0"]
[WhiteElo "1848"]
[BlackElo "2012"]
[PlyCount "64"]
[EventDate "2010.??.??"]

1. e4 c5 2. Nf3 d6 3. d4 cxd4 4. Nxd4 Nf6 5. Nc3 a6 6. Be2 e6 7. O-O Be7 8. Be3
O-O 9. Qd2 b5 10. a3 Bb7 11. Bf3 Qc7 12. Nde2 Nc6 13. Bf4 Ne5 14. Bxe5 dxe5 15.
Rfd1 Rfd8 16. Qe1 b4 17. Rxd8+ Rxd8 18. Ng3 Rc8 19. Rd1 Kf8 20. Rd3 a5 21. Qc1
Ba6 22. Re3 Bc5 23. Re1 Bd4 24. Nge2 Qc5 25. Nxd4 exd4 26. e5 Nd7 27. Ne4 Qxc2
28. Qf4 Rc7 29. Nd6 Nb6 30. Qxd4 Qc5 31. Qh4 g6 32. Qd8+ Kg7 1-0

[Event "A-Klasse 2010 (A68)"]
[Site "Berlin-Weißensee"]
[Date "2010.05.15"]
[Round "6.1"]
[White "Poseck, Steffen"]
[Black "Keusch, Horst"]
[Result "1-0"]
[WhiteElo "2084"]
[BlackElo "1980"]
[PlyCount "47"]
[EventDate "2010.??.??"]

1. g3 d5 2. Nf3 c5 3. Bg2 Nf6 4. O-O Nc6 5. d4 cxd4 6. Nxd4 e5 7. Nxc6 bxc6 8.
c4 Bb7 9. cxd5 (9. Qa4) 9... cxd5 10. Qa4+ Qd7 11. Qxd7+ Nxd7 12. Rd1 Nb6 13.
b3 Rd8 14. a4 Bb4 15. a5 Nc8 16. Bd2 Bxd2 17. Rxd2 O-O (17... Rd7 18. a6 Bc6
19. Nc3 Ne7) 18. Nc3 Ne7 19. Rad1 Rb8 20. Nxd5 Nxd5 21. Bxd5 Bxd5 22. Rxd5 Rxb3
23. Rxe5 Rfb8 24. Rd7 1-0

[Event "A-Klasse 2010 (A68)"]
[Site "Berlin-Weißensee"]
[Date "2010.05.15"]
[Round "6.2"]
[White "Zschaebitz, Klaus"]
[Black "Sawlin, Leonid"]
[Result "1/2-1/2"]
[WhiteElo "2081"]
[BlackElo "1894"]
[PlyCount "140"]
[EventDate "2010.??.??"]

1. d4 c5 2. e3 cxd4 3. exd4 g6 4. Nf3 Bg7 5. Be2 Nf6 6. Nbd2 Nc6 7. O-O O-O 8.
Re1 d5 9. c3 Re8 10. Bb5 Bd7 11. Nf1 Rc8 12. Bd2 Qb6 13. Qe2 Bg4 14. a4 Ne4 15.
Be3 e6 16. a5 Qd8 17. a6 b6 18. Bxc6 Rxc6 19. Qb5 Rc8 20. Ne5 Nd6 21. Qa4 Bxe5
22. dxe5 Nc4 23. b3 Nxe3 24. Rxe3 Bf5 25. Qf4 g5 {(=)} 26. Rg3 Bg6 27. Qd4 Qe7
28. Ra4 Rc6 29. Ne3 Rec8 30. Ng4 Kg7 31. Nf6 Qc7 32. Rxg5 Rxc3 33. h4 Rxb3 34.
Kh2 Kf8 35. h5 Bf5 36. Rg8+ Ke7 37. Rxc8 (37. Rc4 Rxg8 (37... Qxc4 38. Rxc8 (
38. Qxc4 dxc4 39. Rxc8) 38... Qxc8) (37... dxc4 38. Rxc8 Qxc8 39. Qd6#) 38.
Rxc7+) 37... Qxc8 38. Qh4 Kf8 39. Qg5 Rc3 40. Rf4 Rc5 41. Rxf5 exf5 42. Nxh7+ (
42. Qh6+ Ke7 43. Ng8+ Qxg8 44. Qd6+ Ke8 45. Qb8+) 42... Ke8 43. Nf6+ Kd8 44.
Nxd5+ (44. Ne4+) (44. h6) 44... Kd7 45. Qe7+ Kc6 46. Nb4+ Kb5 47. Nd3 Rc7 48.
Qb4+ Kxa6 49. h6 Rc6 50. Qa3+ Kb7 51. Qe7+ Kb8 52. Qxf7 Rxh6+ 53. Kg3 Rh8 54.
Kf4 Qd8 55. Ke3 Qg5+ 56. Nf4 Rc8 57. g3 Qg4 58. e6 Qd1 59. Qxf5 Rc3+ 60. Nd3
Qe1+ 61. Kd4 Rxd3+ 62. Qxd3 Qxe6 63. f4 Qd6+ 64. Ke4 Qxd3+ 65. Kxd3 Kc7 66. f5
Kd6 67. Ke4 a5 68. g4 a4 69. Kd4 a3 70. Kc3 b5 1/2-1/2

[Event "A-Klasse 2010 (A68)"]
[Site "Berlin-Weißensee"]
[Date "2010.05.15"]
[Round "6.3"]
[White "Bornschein, Burkhard"]
[Black "Welz, Peter"]
[Result "1-0"]
[WhiteElo "2012"]
[BlackElo "2151"]
[PlyCount "109"]
[EventDate "2010.??.??"]

1. d4 f5 2. c4 Nf6 3. Nf3 g6 4. g3 Bg7 5. Bg2 O-O 6. O-O d6 7. Nc3 Nc6 8. b3 e5
9. dxe5 dxe5 10. Ba3 e4 11. Ng5 h6 12. Nh3 g5 13. Bxf8 Qxf8 14. Nd5 Ne8 15. Rb1
Ne5 16. f4 exf3 17. exf3 c6 18. Nc3 Nc7 19. Qc2 b5 20. cxb5 Qc5+ 21. Kh1 Nxb5
22. Rbc1 Nd4 23. Qd1 Qd6 24. Ne2 Nf7 25. Nxd4 Bxd4 26. f4 Bd7 27. Rc4 Bb6 28.
Qc2 g4 29. Nf2 Rc8 30. Rd1 Qe6 31. Nd3 Be8 32. Re1 Qf6 33. Nb4 Rd8 34. Nxc6
Bxc6 35. Rxc6 Rd6 36. Qc4 Kg7 37. Rxd6 Nxd6 38. Qe6 Qxe6 39. Rxe6 Nb5 40. Re5
Nd4 41. Bb7 Kf6 42. Kg2 Nc2 43. Bc8 Ne3+ 44. Kh1 h5 45. b4 Bd4 46. Re6+ Kg7 47.
a4 Nc2 48. Rd6 Be3 49. Bxf5 Nxb4 50. Rg6+ Kf7 51. Rh6 a5 52. Rxh5 Na2 53. Bxg4
Bd2 54. Bd7 Nc1 55. Bb5 1-0

[Event "A-Klasse 2010 (A68)"]
[Site "Berlin-Weißensee"]
[Date "2010.05.15"]
[Round "6.4"]
[White "Noetzel, Felix"]
[Black "Hiller, Bernd"]
[Result "1/2-1/2"]
[WhiteElo "1968"]
[BlackElo "1848"]
[PlyCount "109"]
[EventDate "2010.??.??"]

1. e4 d5 2. exd5 Nf6 3. c4 c6 4. dxc6 Nxc6 5. Nc3 e5 6. d3 Bf5 7. Nf3 Bc5 8.
Be3 Bxe3 9. fxe3 Qb6 10. Qd2 O-O-O 11. O-O-O h6 12. d4 e4 13. Ne1 Qa5 14. Nc2
Bg4 15. Be2 Bxe2 16. Qxe2 Kb8 17. Kb1 Rhe8 18. Rhf1 a6 19. g4 Ne7 20. h4 Rc8
21. d5 Ng6 22. g5 hxg5 23. hxg5 Nd7 24. Rxf7 Nge5 25. Rxg7 Rxc4 26. Rxd7 Rxc3
27. bxc3 Nxd7 28. c4 Qc3 29. Qh2+ Ne5 30. Rd4 Ka7 31. Qd2 Qxd2 {(=)} 32. Rxd2
Nxc4 33. Rd4 Nd6 34. Kb2 Re5 35. g6 Rg5 36. Na3 b5 37. Nb1 Rxg6 38. Nd2 Rg4 39.
a4 Kb6 40. Kc3 Rg3 41. Nf1 Rf3 42. Rd1 Kc5 43. axb5 axb5 44. Re1 Rf5 (44... Nc4
) 45. Nd2 Rxd5 46. Nb3+ Kb6 47. Nd4 Rc5+ 48. Kb4 Nf5 (48... Rc4+) 49. Nxf5 Rxf5
50. Rh1 Rf3 51. Rh6+ Kc7 52. Kxb5 Rxe3 53. Kc5 Rd3 54. Rh7+ Kd8 55. Kc4 1/2-1/2

[Event "A-Klasse 2010 (A68)"]
[Site "Berlin-Weißensee"]
[Date "2010.05.16"]
[Round "7.1"]
[White "Sawlin, Leonid"]
[Black "Poseck, Steffen"]
[Result "1/2-1/2"]
[WhiteElo "1894"]
[BlackElo "2084"]
[PlyCount "26"]
[EventDate "2010.??.??"]

1. e4 c5 2. Nf3 e6 3. d4 cxd4 4. Nxd4 Nf6 5. Nc3 d6 6. Be3 a6 7. f3 Qc7 8. g4
h6 9. Qd2 Nc6 10. h4 Bd7 11. O-O-O Be7 12. Kb1 O-O-O 13. Qf2 Nxd4 1/2-1/2